000 00780nam a2200289Ia 4500
001 Z_1587
003 CHAP
008 220113s1987 xx 000 0 und d
010 _a164674
040 _cCHAP
082 _a636.089 D6y
100 _aDoxey, D L
_934135
245 _aPatología clínica y procedimientos de diagnóstico en veterinaria /
_cpor D. L. Doxey
260 _aMéxico :
_bEl Manual Moderno,
_c1987
300 _a371 p. ; ilus
440 _a
500 _aTrad. de : Clinical pathology and diagnostic procedures, 2 ed. de 1983
503 _aC/E
650 _aGanado
_xEnfermedades I. t.
_9138722
650 _aVeterinaria
_9118987
901 _a636.089 D6y
902 _aA
910 _a1987
942 _c1
942 _cc1
999 _c164674
_d164674